Problemas del lenguaje cotidiano. Fascículo 2º

Đã lưu trong:
Chi tiết về thư mục
Tác giả chính: López Martín, Alfonso
Định dạng: Sách
Ngôn ngữ:Spanish
Được phát hành: San José, Costa Rica Universidad de Costa Rica 1980
Những chủ đề:
Các nhãn: Thêm thẻ
Không có thẻ, Là người đầu tiên thẻ bản ghi này!

MARC

LEADER 00000nam a2200000Ia 4500
008 170316s9999 xx 000 0 spa d
040 |a cru BVZT 
090 |a 410 L-21p Nº2 
100 |a López Martín, Alfonso 
245 |a Problemas del lenguaje cotidiano. Fascículo 2º 
260 |a San José, Costa Rica 
260 |b Universidad de Costa Rica 
260 |c 1980 
300 |a 34 páginas. Fascículo 2 
650 0 |a LINGÜÍSTICA  |9 55 
999 |c 18536  |d 18536 
942 |c LIB  |h 410 L-21p Nº2  |2 z